[Event "Vaxjo op"]
[Site "Vaxjo"]
[Date "2015.02.13"]
[Round "3"]
[White "Johansson, Krister"]
[Black "Sixt, Joar"]
[Result "0-1"]
[WhiteElo "1575"]
[BlackElo "1356"]
[PlyCount "85"]
[EventDate "2015.02.13"]
[EventType "swiss"]
[EventRounds "8"]
[EventCountry "SWE"]
[SourceTitle "CBM 164 Extra"]
[Source "ChessBase"]
[SourceDate "2015.03.02"]
[SourceVersion "1"]
[SourceVersionDate "2015.03.02"]
[SourceQuality "1"]

1. Nf3 d5 2. g3 Nc6 3. Bg2 e5 4. d3 Nf6 5. Nbd2 Bc5 6. 0-0 0-0 7. e4 dxe4 8. dxe4 Bg4 9. Qe1 Re8 10. a3 Nd4 11. Nxd4 Bxd4 12. c3 Bc5 13. b4 Bd6 14. Nc4 Qd7 15. Bg5 Qe6 16. Ne3 Nd7 17. Nxg4 Qxg4 18. Be3 a5 19. h3 Qe6 20. Qd2 axb4 21. axb4 Rxa1 22. Rxa1 Nb6 23. Bxb6 cxb6 24. Qd5 Qxd5 25. exd5 g6 26. Ra7 Re7 27. g4 Rc7 28. Ra8+ Kg7 29. Rd8 Bf8 30. d6 Rxc3 31. d7 Rd3 32. Bxb7 Be7 33. Rb8 Rxd7 34. Bc6 Rd1+ 35. Kg2 Bxb4 36. Rxb6 Bc5 37. Rb2 Rd6 38. Be4 Bd4 39. Rd2 Kf6 40. h4 h6 41. Kg3 g5 42. h5 Rb6 43. f3 0-1